[Event "FRA-chT3 0405"]
[Site "France"]
[Date "2005.04.13"]
[Round "2.7"]
[White "Cogan, Yann"]
[Black "Thomas, Jeannine"]
[Result "0-1"]
[WhiteElo "1499"]
[BlackElo "1430"]
[PlyCount "90"]
[EventDate "2004.10.10"]
[EventType "team"]
[EventRounds "9"]
[EventCountry "FRA"]
[SourceTitle "EXT 2007"]
[Source "ChessBase"]
[SourceDate "2006.11.23"]
[SourceVersion "1"]
[SourceVersionDate "2006.11.23"]
[SourceQuality "1"]

1. e4 b6 2. d4 e6 3. Nc3 Bb4 4. Bd2 Bb7 5. Bd3 Nf6 6. Qe2 0-0 7. Nf3 Re8 8. Bg5 Be7 9. Ne5 d6 10. Nxf7 Kxf7 11. Bxf6 Bxf6 12. e5 dxe5 13. dxe5 Be7 14. 0-0-0 Nd7 15. Qh5+ Kf8 16. f4 h6 17. Bc4 Bc5 18. Rd3 Qe7 19. a3 Rad8 20. b4 Bxb4 21. axb4 Qxb4 22. Bb3 Qxf4+ 23. Kb2 Kg8 24. Qe2 Nc5 25. Rxd8 Rxd8 26. g3 Qd4 27. Rd1 Na4+ 28. Bxa4 Qb4+ 29. Bb3 Rxd1 30. Qxd1 Qe7 31. Qg4 Bc8 32. Nb5 a6 33. Nd4 Qb4 34. c3 Qf8 35. Bxe6+ Bxe6 36. Qxe6+ Kh7 37. Nf5 g6 38. Qe7+ Qxe7 39. Nxe7 Kg7 40. e6 Kf6 41. Nxg6 Kxg6 42. Kb3 Kf6 43. h4 Kxe6 44. c4 c5 45. Kc3 Kf5 0-1